00000000nam 2200000zi 4500
0019.947883
003CaOODSP
00520250409144703
006m     o  d f      
007cr mn|||||||||
008250211s2025    onca    ob   f000 0 eng d
020 |a9780660756738
040 |aCaOODSP|beng|erda|cCaOODSP
0861 |aPS83-3/481E-PDF
1001 |aBarkovich, L., |eauthor.
24512|aA systematic review of the relationship between problem gambling and the criminal justice system / |cBarkovich, L., Froude, A.M., Massey, M., Eskandarian, S., MacKillop, J., & Balodis, I.M.
264 1|a[Ottawa] : |bCorrectional Service of Canada = Service correctionnel Canada, |c2025.
300 |a1 online resource (xi, 85 pages) : |billustration.
336 |atext|btxt|2rdacontent
337 |acomputer|bc|2rdamedia
338 |aonline resource|bcr|2rdacarrier
4901 |aResearch report ; |vno. R-481
500 |aIssued also in French under title: Examen systématique de la relation entre le jeu compulsif et le système de justice pénale.
504 |aIncludes bibliographical references (pages 57-68).
520 |a"Individuals with problem gambling (PG) are overrepresented within the criminal justice system. Prevalence estimates in some studies suggest PG rates of over 30% - a staggering difference compared to the estimated 2-5% among the general population. In addition to criminal behaviour, harms associated with PG include unstable employment, poor health and heightened levels of suicide, far exceeding rates observed among individuals with substance use disorders. This report summarizes current peer-reviewed PG literature as it relates to arrests, incarceration, recidivism, and problem behaviours. Research studies were organized into the following themes: (1) types of illegal acts; (2) traits, behaviours and characteristics relating to PG; (3) initial arrestee and community populations; and (4) incarcerated populations. …"---Executive summary, page iii.
650 0|aCompulsive gambling.
650 0|aCompulsive gamblers.
650 0|aGambling and crime.
650 0|aCriminal justice, Administration of.
7102 |aCorrectional Service Canada, |eissuing body.
77508|tExamen systématique de la relation entre le jeu compulsif et le système de justice pénale / |w(CaOODSP)9.947884
830#0|aResearch report (Correctional Service Canada. Research Branch)|vno. R-481.|w(CaOODSP)9.506063
85640|qPDF|s0.98 MB|uhttps://publications.gc.ca/collections/collection_2025/scc-csc/PS83-3-481-eng.pdf